000 00839nam a2200229 i 4500
001 165179
003 ES-MaACL
005 20230906213100.0
008 960320s1884 sp |||| | spa d
040 _aCLM
_bspa
_cCCPB | SIC
100 1 _aSéneca, Lucio Anneo.
_9105451
245 1 0 _aEpístolas morales /
_cpor Lucio Anneo Séneca ; traducción directa del latín por Francisco Navarro y Calvo ; con un estudio biográfico del autor por Gaspar Carrasco.
260 _aMadrid :
_bLuis Navarro, editor,
_c1884.
300 _aXXX, 576 p. ;
_c19 cm.
490 1 _aBiblioteca clásica ;
_v66
700 1 _aNavarro y Calvo, Francisco.
_985185
700 1 _aCarrasco, Gaspar.
_9126353
830 0 _aBiblioteca clásica ;
_v66
_9180370
852 _aES-MaACL
_jF-13252
_z-- Enc. tela
999 _c165179
_d165179